[Event "Aktiv-Alliancen 2003"]
[Site "Taastrup"]
[Date "2003.05.31"]
[Round "7"]
[White "Ohayv, Nikolaj"]
[Black "Schmidt, Horst Hubert"]
[Result "1-0"]
[WhiteElo "1755"]
[BlackElo "1948"]
[PlyCount "51"]
[EventDate "2003.??.??"]

1. e4 e6 2. d4 d5 3. Nc3 dxe4 4. f3 exf3 5. Nxf3 Bd7 6. Bd3 a6 7. O-O Bb4 8.
Ne5 Nf6 9. Ne4 Be7 10. Ng5 O-O 11. Rxf6 g6 12. Ngxf7 Qe8 13. Rf2 Nc6 14. Nh6+
Kg7 15. Rxf8 Bxf8 16. Nxd7 Qxd7 17. c3 Be7 18. Ng4 Rd8 19. Bh6+ Kh8 20. Qe2 Kg8
21. Rf1 Nxd4 22. Qe5 Nf5 23. Bxf5 Bc5+ 24. Qxc5 Qf7 25. Bxe6 Qxe6 26. Rf8+ 1-0

[Event "Aktiv-Alliancen 2003"]
[Site "Taastrup"]
[Date "2003.05.31"]
[Round "7"]
[White "Frederiksen, Henrik K"]
[Black "Pallesen, Jacob"]
[Result "1/2-1/2"]
[WhiteElo "2131"]
[BlackElo "2070"]
[PlyCount "46"]
[EventDate "2003.??.??"]

1. d4 d6 2. Nf3 g6 3. h4 Nf6 4. Nbd2 Bg7 5. e4 Bg4 6. c3 c6 7. Be2 Nbd7 8. Ng5
Bxe2 9. Qxe2 h6 10. Ngf3 e5 11. dxe5 Nxe5 12. Nxe5 dxe5 13. Nf1 Qa5 14. Ng3 h5
15. Bg5 Nh7 16. Be3 Rd8 17. Nf1 Nf6 18. f3 Bh6 19. Bxh6 Rxh6 20. Nd2 Rh8 21.
Nc4 Qc7 22. Rd1 Ke7 23. O-O b5 1/2-1/2

[Event "Aktiv-Alliancen 2003"]
[Site "Taastrup"]
[Date "2003.05.31"]
[Round "7"]
[White "Lauritsen, Martin Lee"]
[Black "Rosenkilde, Alexander"]
[Result "0-1"]
[WhiteElo "1768"]
[BlackElo "1679"]
[PlyCount "86"]
[EventDate "2003.??.??"]

1. e4 c5 2. Nf3 Nc6 3. d4 cxd4 4. Nxd4 Nf6 5. Nc3 e5 6. Ndb5 d6 7. Bg5 a6 8.
Na3 b5 9. Nd5 Be7 10. Bxf6 Bxf6 11. c3 O-O 12. Nc2 Bg5 13. Nce3 f5 14. exf5
Bxe3 15. Nxe3 Ne7 16. a4 bxa4 17. Rxa4 a5 18. Bc4+ Kh8 19. O-O Nxf5 20. Nxf5
Bxf5 21. Qd5 Rf6 22. Rfa1 Be6 23. Qd3 d5 24. Ba2 Qb6 25. Qd2 Raf8 26. Rf1 Qc5
27. Rh4 e4 28. Bb1 Bd7 29. Bxe4 dxe4 30. Qxd7 Rxf2 31. Rxh7+ Kxh7 32. Qh3+ Kg8
33. Qe6+ R2f7+ 34. Kh1 Qc6 35. Qa2 e3 36. h3 e2 37. Re1 Re8 38. Kh2 Qd6+ 39.
Kg1 Qc5+ 40. Kh2 Qe5+ 41. Kh1 Qg3 42. Qb1 Qxe1+ 43. Qxe1 Rf1+ 0-1

[Event "Aktiv-Alliancen 2003"]
[Site "Taastrup"]
[Date "2003.05.31"]
[Round "7"]
[White "Forsmann, Henning"]
[Black "Riis, Morten"]
[Result "1-0"]
[WhiteElo "1653"]
[BlackElo "1456"]
[PlyCount "77"]
[EventDate "2003.??.??"]

1. d4 d5 2. c4 e6 3. Nc3 Nf6 4. Nf3 Bb4 5. Bg5 h6 6. Bh4 g5 7. Bg3 Ne4 8. Qc2
Nc6 9. e3 Nxg3 10. hxg3 Bd7 11. cxd5 exd5 12. Bd3 Qe7 13. a3 Bxc3+ 14. Qxc3
O-O-O 15. b4 Rde8 16. b5 Nb8 17. Rc1 Be6 18. Kd2 Qd6 19. a4 g4 20. Ne1 Re7 21.
Nc2 Nd7 22. a5 Nf6 23. Qb4 Qxb4+ 24. Nxb4 Ne4+ 25. Ke2 h5 26. Rc2 f6 27. a6 b6
28. Nc6 Rg7 29. Nxa7+ Kb8 30. Nc6+ Ka8 31. Nb4 Nd6 32. Ra1 Rf7 33. Rac1 Rc8 34.
f3 f5 35. Nc6 Bd7 36. Ne5 Rg7 37. Rxc7 Rd8 38. Nc6 Nc8 39. Nxd8 1-0

[Event "Aktiv-Alliancen 2003"]
[Site "Taastrup"]
[Date "2003.05.31"]
[Round "7"]
[White "Nielsen, Michael Backmann"]
[Black "Sandbech, Ted"]
[Result "0-1"]
[WhiteElo "1320"]
[BlackElo "1539"]
[PlyCount "80"]
[EventDate "2003.??.??"]

1. d4 d5 2. c4 c6 3. Nf3 Nf6 4. Nc3 e6 5. Bg5 Be7 6. e3 O-O 7. Qc2 dxc4 8. Bxc4
Nd5 9. Bxe7 Qxe7 10. Ne4 h6 11. O-O Nd7 12. Ng3 N5b6 13. Bd3 e5 14. dxe5 Nxe5
15. Nxe5 Qxe5 16. Rfd1 Bg4 17. Be2 Be6 18. Rd2 Rad8 19. Rad1 Qf6 20. Ne4 Qe7
21. b3 Bf5 22. Rxd8 Rxd8 23. Rxd8+ Qxd8 24. Qd2 Qe7 25. Ng3 Bg6 26. Qa5 Nc8 27.
Bg4 b6 28. Qc3 Qc7 29. b4 Ne7 30. Bf3 Qd6 31. Qd4 Qc7 32. Be4 c5 33. Qc4 Qd6
34. Bxg6 Nxg6 35. bxc5 bxc5 36. Ne4 Qd1+ 37. Qf1 Qc2 38. f3 c4 39. Nd6 Ne5 40.
f4 Nd3 0-1

[Event "Aktiv-Alliancen 2003"]
[Site "Taastrup"]
[Date "2003.05.31"]
[Round "7"]
[White "Jensen, Jan Erik"]
[Black "Foslund, Peter"]
[Result "0-1"]
[WhiteElo "1225"]
[BlackElo "1659"]
[PlyCount "84"]
[EventDate "2003.??.??"]

1. e4 c5 2. Nf3 Nc6 3. Nc3 d6 4. Bb5 Bd7 5. d3 Nf6 6. Bg5 e6 7. O-O Be7 8. Re1
e5 9. Bxf6 Bxf6 10. Nd5 a6 11. Bxc6 Bxc6 12. Nxf6+ Qxf6 13. b3 b5 14. h3 Bd7
15. Re3 O-O 16. Nh2 g6 17. Ng4 Qg7 18. Qf3 Bc6 19. Qf6 Qxf6 20. Nxf6+ Kg7 21.
Rf3 Ra7 22. Re1 Re7 23. Ng4 f5 24. Nh2 Ref7 25. Re2 b4 26. g4 fxg4 27. Rxf7+
Rxf7 28. hxg4 h6 29. f3 a5 30. Rf2 g5 31. Nf1 a4 32. Ne3 axb3 33. axb3 Bd7 34.
Rf1 Be6 35. Ra1 Rxf3 36. Re1 Rf4 37. Kg2 Bxg4 38. Nxg4 Rxg4+ 39. Kh2 Rf4 40.
Rg1 Rf2+ 41. Rg2 Rxg2+ 42. Kxg2 Kg6 0-1

[Event "Aktiv-Alliancen 2003"]
[Site "Taastrup"]
[Date "2003.05.31"]
[Round "7"]
[White "Carlsen, Henrik"]
[Black "Larsen, Allan"]
[Result "1-0"]
[WhiteElo "1394"]
[BlackElo "1186"]
[PlyCount "43"]
[EventDate "2003.??.??"]

1. e4 e5 2. f4 exf4 3. Nf3 g5 4. h4 g4 5. Bc4 gxf3 6. Qxf3 Nc6 7. Bxf7+ Kxf7 8.
Qh5+ Ke7 9. O-O Nf6 10. Qg5 d6 11. Rxf4 Kf7 12. Nc3 h6 13. Qh5+ Kg8 14. Qg6+
Bg7 15. Nd5 Nxd5 16. Rf7 Rh7 17. d4 Nde7 18. Qh5 Bxd4+ 19. Kh1 Rxf7 20. Bxh6
Rh7 21. Rf1 Qe8 22. Qxe8# 1-0

[Event "Aktiv-Alliancen 2003"]
[Site "Taastrup"]
[Date "2003.06.01"]
[Round "8"]
[White "Pallesen, Jacob"]
[Black "Auchenberg, Per"]
[Result "1/2-1/2"]
[WhiteElo "2070"]
[BlackElo "2040"]
[PlyCount "34"]
[EventDate "2003.??.??"]

1. d4 Nf6 2. c4 e6 3. g3 c5 4. Nf3 cxd4 5. Nxd4 Qc7 6. b3 a6 7. Bg2 Bb4+ 8. Bd2
Be7 9. O-O Nc6 10. Bc3 O-O 11. Nd2 d5 12. cxd5 Nxd5 13. Bxd5 exd5 14. N2f3 Bh3
15. Re1 Nxd4 16. Bxd4 Bb4 17. Qc1 Qe7 1/2-1/2

[Event "Aktiv-Alliancen 2003"]
[Site "Taastrup"]
[Date "2003.06.01"]
[Round "8"]
[White "Rosenkilde, Alexander"]
[Black "Erichsen, Dan"]
[Result "0-1"]
[WhiteElo "1679"]
[BlackElo "2138"]
[PlyCount "32"]
[EventDate "2003.??.??"]

1. d4 d5 2. c4 c6 3. Nc3 Nf6 4. Bg5 Ne4 5. Nxe4 dxe4 6. e3 Qa5+ 7. b4 Qxg5 8.
Nh3 Bxh3 9. gxh3 e6 10. a3 Be7 11. Kd2 a5 12. b5 c5 13. Kc3 cxd4+ 14. exd4 O-O
15. Be2 e5 16. dxe5 Qxe5+ 0-1

[Event "Aktiv-Alliancen 2003"]
[Site "Taastrup"]
[Date "2003.06.01"]
[Round "8"]
[White "Sandbech, Ted"]
[Black "Ohayv, Nikolaj"]
[Result "1/2-1/2"]
[WhiteElo "1539"]
[BlackElo "1755"]
[PlyCount "48"]
[EventDate "2003.??.??"]

1. Nf3 d5 2. d4 e6 3. c4 c5 4. e3 Nc6 5. Nc3 Nf6 6. cxd5 exd5 7. Qa4 c4 8. Ne5
Bd7 9. Nxd7 Qxd7 10. a3 Be7 11. Be2 a6 12. O-O O-O 13. b4 b5 14. Qc2 Rfb8 15.
Bf3 a5 16. bxa5 Rxa5 17. Bb2 Rba8 18. Qe2 Bxa3 19. Nxb5 Bxb2 20. Qxb2 Qb7 21.
Rxa5 Nxa5 22. Qb1 Nb3 23. Nc3 Rb8 24. Qc2 Qc6 1/2-1/2

[Event "Aktiv-Alliancen 2003"]
[Site "Taastrup"]
[Date "2003.06.01"]
[Round "8"]
[White "Hansen, Alexei"]
[Black "Forsmann, Henning"]
[Result "1/2-1/2"]
[WhiteElo "1728"]
[BlackElo "1653"]
[PlyCount "67"]
[EventDate "2003.??.??"]

1. e4 c5 2. Nf3 Nc6 3. d4 cxd4 4. Nxd4 Nf6 5. Nc3 d6 6. Bc4 Qb6 7. Nb3 e6 8.
Be3 Qc7 9. O-O a6 10. a3 Be7 11. f4 O-O 12. Bd3 b5 13. g4 b4 14. axb4 Nxb4 15.
Qf3 Bb7 16. g5 Nd7 17. Qg3 Nc5 18. Nxc5 dxc5 19. b3 g6 20. h4 Nxd3 21. cxd3 f5
22. h5 Rad8 23. Rad1 Qb6 24. Na4 Qb4 25. Bd2 Qb5 26. Bc3 fxe4 27. hxg6 hxg6 28.
Qh4 Rxd3 29. Qh8+ Kf7 30. Qg7+ Ke8 31. Qxg6+ Kd7 32. Bf6 Bd5 33. Qg7 Re8 34.
Rxd3 1/2-1/2

[Event "Aktiv-Alliancen 2003"]
[Site "Taastrup"]
[Date "2003.06.01"]
[Round "8"]
[White "Schmidt, Horst Hubert"]
[Black "Frederiksen, Henrik K"]
[Result "0-1"]
[WhiteElo "1948"]
[BlackElo "2131"]
[PlyCount "80"]
[EventDate "2003.??.??"]

1. e4 c5 2. c3 Nf6 3. Qc2 Nc6 4. Nf3 e6 5. Bb5 Qb6 6. Na3 d5 7. e5 Nd7 8. O-O
a6 9. Ba4 Qc7 10. Bxc6 Qxc6 11. d4 b5 12. Qe2 b4 13. Nc2 a5 14. Bf4 Ba6 15. Qd2
Bxf1 16. Rxf1 bxc3 17. bxc3 c4 18. h4 Rb8 19. Ne3 Ba3 20. Nd1 Qa4 21. h5 h6 22.
g4 Rb1 23. Kg2 Bc1 24. Nb2 Bxd2 25. Nxa4 Rxf1 26. Kxf1 Bxf4 27. Ke2 Ke7 28. Kd1
Rb8 29. Kc2 Kd8 30. Ne1 Kc7 31. Ng2 Bg5 32. f4 Be7 33. Ne3 Ba3 34. f5 Nb6 35.
fxe6 fxe6 36. Nc5 Bxc5 37. dxc5 Na4 38. g5 Rb2+ 39. Kc1 hxg5 40. Ng4 Re2 0-1

[Event "Aktiv-Alliancen 2003"]
[Site "Taastrup"]
[Date "2003.06.01"]
[Round "8"]
[White "Riis, Morten"]
[Black "Carlsen, Henrik"]
[Result "1-0"]
[WhiteElo "1456"]
[BlackElo "1394"]
[PlyCount "59"]
[EventDate "2003.??.??"]

1. Nf3 Nf6 2. d4 g6 3. c4 c5 4. d5 b5 5. cxb5 a6 6. e3 axb5 7. Bxb5 Qa5+ 8. Nc3
Ne4 9. Qd3 Nxc3 10. bxc3 Bg7 11. Bd2 Qa3 12. O-O O-O 13. Rfe1 d6 14. e4 Ba6 15.
Bxa6 Rxa6 16. e5 Nd7 17. e6 Ne5 18. Nxe5 Bxe5 19. Bh6 Bxc3 20. Bxf8 Kxf8 21.
Re3 Bxa1 22. Qxa3 Rxa3 23. Rxa3 c4 24. Ra8+ Kg7 25. Rc8 c3 26. a4 Kf6 27. a5 c2
28. exf7 Kxf7 29. Rxc2 Kf6 30. Rc4 1-0

[Event "Aktiv-Alliancen 2003"]
[Site "Taastrup"]
[Date "2003.06.01"]
[Round "8"]
[White "Lisdorf, Bjorn"]
[Black "Lauritsen, Martin Lee"]
[Result "0-1"]
[WhiteElo "1558"]
[BlackElo "1768"]
[PlyCount "52"]
[EventDate "2003.??.??"]

1. e4 c5 2. d4 cxd4 3. c3 dxc3 4. Nxc3 e6 5. Bc4 a6 6. Nf3 Nc6 7. O-O Qc7 8.
Re1 Nge7 9. Qc2 Ng6 10. Bd2 b5 11. Bb3 Bd6 12. Rac1 Qb8 13. a3 O-O 14. Ba2 Bb7
15. b4 Rc8 16. Bb3 Nce5 17. Nd4 Nc4 18. Bxc4 Bxh2+ 19. Kh1 Rxc4 20. Nf3 Bf4 21.
g3 Bxd2 22. Nxd2 Rc8 23. f3 Qxg3 24. Re2 d5 25. Rg1 Qe5 26. Ndb1 d4 0-1

[Event "Aktiv-Alliancen 2003"]
[Site "Taastrup"]
[Date "2003.06.01"]
[Round "8"]
[White "Larsen, Allan"]
[Black "Jensen, Jan Erik"]
[Result "1-0"]
[WhiteElo "1186"]
[BlackElo "1225"]
[PlyCount "113"]
[EventDate "2003.??.??"]

1. e4 e5 2. Nf3 Nc6 3. Bc4 Bc5 4. Nc3 d6 5. d3 h6 6. O-O Nf6 7. a3 Bg4 8. h3
Bxf3 9. Qxf3 O-O 10. Ne2 a6 11. c3 Ne7 12. Bxh6 Ng6 13. Bg5 c6 14. Ng3 d5 15.
exd5 cxd5 16. Bxd5 Be7 17. Ba2 Rb8 18. Rfe1 Nh7 19. Bxe7 Qxe7 20. Qf5 Qd6 21.
Ne4 Qc6 22. Ng5 Nxg5 23. Qxg5 Qf6 24. Qxf6 gxf6 25. Re4 Nf4 26. d4 exd4 27.
Rxf4 dxc3 28. bxc3 Rbc8 29. Bd5 Rxc3 30. Bxb7 a5 31. Rxf6 Kg7 32. Rf3 Rxf3 33.
Bxf3 Rc8 34. a4 Rc4 35. Kf1 Rb4 36. Bc6 Kf6 37. Re1 Rc4 38. Bb5 Rc5 39. h4 Rh5
40. g3 Rc5 41. Kg2 Kg6 42. g4 f6 43. f4 Rc2+ 44. Re2 Rc8 45. f5+ Kh6 46. Kf3
Rf8 47. Kf4 Rg8 48. Re6 Kg7 49. g5 fxg5+ 50. hxg5 Kf8 51. Re8+ Kg7 52. Rxg8+
Kxg8 53. Ke5 Kf8 54. Ke6 Kg7 55. Ke7 Kg8 56. f6 Kh7 57. f7 1-0

[Event "Aktiv-Alliancen 2003"]
[Site "Taastrup"]
[Date "2003.06.01"]
[Round "9"]
[White "Forsmann, Henning"]
[Black "Auchenberg, Per"]
[Result "0-1"]
[WhiteElo "1653"]
[BlackElo "2040"]
[PlyCount "80"]
[EventDate "2003.??.??"]

1. d4 Nf6 2. c4 e6 3. g3 c5 4. d5 exd5 5. cxd5 d6 6. Bg2 g6 7. Nc3 Bg7 8. Nf3
O-O 9. O-O Na6 10. e4 Bg4 11. h3 Bxf3 12. Bxf3 Nd7 13. Bg2 Nc7 14. Qe2 a6 15.
a4 b6 16. Bf4 Ne5 17. Kh2 Re8 18. Be3 Rb8 19. f4 Nd7 20. g4 b5 21. axb5 axb5
22. g5 b4 23. Nd1 Nb5 24. Qg4 c4 25. Qe2 c3 26. bxc3 bxc3 27. Ra6 Qc8 28. Rc6
Qb7 29. Nf2 Rec8 30. e5 dxe5 31. Rb1 Re8 32. Qc4 exf4 33. Bxf4 Ne5 34. Bxe5
Bxe5+ 35. Kh1 Nd6 36. Rxb7 Nxc4 37. Rxc4 Rxb7 38. Be4 Rb2 39. Ng4 h5 40. Nxe5
Rxe5 0-1

[Event "Aktiv-Alliancen 2003"]
[Site "Taastrup"]
[Date "2003.06.01"]
[Round "9"]
[White "Erichsen, Dan"]
[Black "Pallesen, Jacob"]
[Result "1-0"]
[WhiteElo "2138"]
[BlackElo "2070"]
[PlyCount "55"]
[EventDate "2003.??.??"]

1. e4 c5 2. Nf3 e6 3. d4 cxd4 4. Nxd4 a6 5. c4 Qc7 6. Nc3 Nc6 7. Nc2 Nf6 8. Be2
Be7 9. O-O O-O 10. Be3 d6 11. Qe1 Bd7 12. f4 Rac8 13. Qf2 Qb8 14. Rac1 h6 15.
Rfd1 Na5 16. Ba7 Qa8 17. e5 Ne8 18. b3 Nc6 19. Be3 Nb8 20. Ne1 dxe5 21. fxe5
Bc6 22. Qg3 Kh8 23. Qh3 Nd7 24. Bxh6 gxh6 25. Qxh6+ Kg8 26. Rd3 Nxe5 27. Rh3
Bc5+ 28. Kh1 1-0

[Event "Aktiv-Alliancen 2003"]
[Site "Taastrup"]
[Date "2003.06.01"]
[Round "9"]
[White "Frederiksen, Henrik K"]
[Black "Ohayv, Nikolaj"]
[Result "0-1"]
[WhiteElo "2131"]
[BlackElo "1755"]
[PlyCount "59"]
[EventDate "2003.??.??"]

1. Nf3 d5 2. d4 e6 3. Bf4 c5 4. e3 Nc6 5. c3 Nf6 6. Nbd2 c4 7. e4 dxe4 8. Ne5
Nxe5 9. Bxe5 b5 10. b3 e3 11. fxe3 Nd5 12. Qf3 f6 13. bxc4 Nxc3 14. Bg3 Bd7 15.
Bd3 Rc8 16. cxb5 Nxb5 17. Bxb5 Bxb5 18. Qh5+ g6 19. Qxb5+ Kf7 20. O-O Be7 21.
Rac1 Rxc1 22. Rxc1 Re8 23. Rc7 e5 24. Rd7 Qc8 25. Qd5+ Kf8 26. dxe5 Qc3 27. Nf1
f5 28. Bh4 Qa3 29. Qe6 Bxh4 30. Qf7# 0-1

[Event "Aktiv-Alliancen 2003"]
[Site "Taastrup"]
[Date "2003.06.01"]
[Round "9"]
[White "Foslund, Peter"]
[Black "Sandbech, Ted"]
[Result "1-0"]
[WhiteElo "1659"]
[BlackElo "1539"]
[PlyCount "99"]
[EventDate "2003.??.??"]

1. c4 e5 2. d3 Nf6 3. Nc3 d5 4. cxd5 Nxd5 5. Bd2 Bc5 6. Rc1 Nxc3 7. Bxc3 Bd6 8.
Nf3 Nc6 9. g3 O-O 10. Bg2 Be6 11. a3 Qd7 12. Ng5 Bf5 13. O-O h6 14. Ne4 Bh3 15.
Nxd6 cxd6 16. e3 Bxg2 17. Kxg2 d5 18. b4 d4 19. Bb2 a6 20. e4 Rac8 21. Rc5 Qe6
22. Qd2 b6 23. Rc4 Ne7 24. Rfc1 Rc6 25. Rxc6 Nxc6 26. f4 f5 27. fxe5 fxe4 28.
dxe4 Qxe5 29. Qd3 Rf6 30. Qc4+ Kh7 31. Qd5 Qxd5 32. exd5 Ne7 33. Bxd4 Rd6 34.
Rc7 Nf5 35. Bc3 h5 36. Kf3 Rxd5 37. Ke4 Rb5 38. Rd7 Nh6 39. Rxg7+ Kh8 40. Ra7+
Kg8 41. Rxa6 Rg5 42. Rxb6 Rg4+ 43. Kd3 Nf5 44. a4 h4 45. gxh4 Rxh4 46. Be5 Rh3+
47. Ke4 Nh6 48. Bg3 Nf7 49. a5 Kf8 50. a6 1-0

[Event "Aktiv-Alliancen 2003"]
[Site "Taastrup"]
[Date "2003.06.01"]
[Round "9"]
[White "Lauritsen, Martin Lee"]
[Black "Foslund, Kasper"]
[Result "0-1"]
[WhiteElo "1768"]
[BlackElo "1593"]
[PlyCount "86"]
[EventDate "2003.??.??"]

1. e4 c5 2. Nf3 Nc6 3. d4 cxd4 4. Nxd4 e5 5. Nb5 a6 6. Nd6+ Bxd6 7. Qxd6 Qf6 8.
Qd1 Nge7 9. Nc3 O-O 10. Be2 d6 11. O-O Nd4 12. Bc4 Ndc6 13. Be3 Be6 14. Bxe6
Qxe6 15. Nd5 Qg6 16. Nb6 Rad8 17. f3 f5 18. Nc4 fxe4 19. Bb6 Rd7 20. fxe4 Rxf1+
21. Qxf1 Qxe4 22. Ne3 Nc8 23. Nc4 Rf7 24. Qd3 Qxd3 25. cxd3 d5 26. Nxe5 Nxe5
27. Re1 Nxd3 28. Re8+ Rf8 29. Rxf8+ Kxf8 30. Bd4 g6 31. a3 Kf7 32. Kf1 Ke6 33.
Ke2 Nc1+ 34. Kf3 Nb3 35. Bh8 Nd6 36. Kg4 Nf7 37. Bc3 d4 38. Bxd4 Nxd4 39. h4
h5+ 40. Kf4 Kd5 41. g4 Ne6+ 42. Kg3 Ne5 43. gxh5 gxh5 0-1

[Event "Aktiv-Alliancen 2003"]
[Site "Taastrup"]
[Date "2003.06.01"]
[Round "9"]
[White "Riis, Morten"]
[Black "Larsen, Allan"]
[Result "1-0"]
[WhiteElo "1456"]
[BlackElo "1186"]
[PlyCount "57"]
[EventDate "2003.??.??"]

1. Nf3 Nf6 2. d4 d5 3. c4 e6 4. Nc3 Nbd7 5. Bf4 c6 6. e3 Be7 7. Qc2 h6 8. cxd5
exd5 9. Bd3 O-O 10. h3 Re8 11. g4 Bb4 12. O-O-O Bxc3 13. bxc3 Ne4 14. Ne5 g5
15. Bh2 Nf8 16. Rdf1 Qa5 17. Bxe4 dxe4 18. Kd2 f6 19. Nc4 Qd5 20. Nd6 Re7 21.
c4 Qa5+ 22. Ke2 Be6 23. Nxe4 Bxg4+ 24. hxg4 Kg7 25. Nd6 Rd8 26. Nf5+ Qxf5 27.
gxf5 Rxd4 28. Rd1 Rde4 29. Bd6 1-0

[Event "Aktiv-Alliancen 2003"]
[Site "Taastrup"]
[Date "2003.06.01"]
[Round "9"]
[White "Schmidt, Horst Hubert"]
[Black "Lisdorf, Bjorn"]
[Result "0-1"]
[WhiteElo "1948"]
[BlackElo "1558"]
[PlyCount "102"]
[EventDate "2003.??.??"]

1. e4 e6 2. c4 d5 3. e5 d4 4. a3 c5 5. b4 Nc6 6. Nf3 cxb4 7. axb4 Bxb4 8. Ba3
Bxa3 9. Nxa3 a6 10. Bd3 Qe7 11. Nb5 Nb4 12. Nd6+ Kf8 13. Be4 f5 14. Bb1 Nc6 15.
c5 Nh6 16. Qa4 Bd7 17. Nxd4 Nxe5 18. Qb3 b5 19. Ba2 Qh4 20. Nxe6+ Bxe6 21. Qxe6
Nd3+ 22. Ke2 Nf4+ 23. Kf1 Nxe6 24. Bxe6 Ng4 25. g3 Qf6 26. Re1 Qd4 27. Re2 Qxc5
28. Nxf5 Re8 29. d4 Qc1+ 30. Kg2 Qc6+ 31. d5 Rxe6 32. dxc6 Rxe2 33. Kf3 Rc2 34.
Kxg4 Rxc6 35. Rd1 Rg6+ 36. Kf4 Kf7 37. Rd7+ Ke8 38. Ra7 Rf8 39. Ke5 Rxf5+ 40.
Kxf5 Rf6+ 41. Ke5 b4 42. f4 Rb6 43. Rc7 b3 44. Rc1 b2 45. Rb1 a5 46. Kd4 a4 47.
Kc3 a3 48. Kc2 a2 49. Rxb2 Rc6+ 50. Kd3 a1=Q 51. Rb8+ Kd7 0-1

[Event "Aktiv-Alliancen 2003"]
[Site "Taastrup"]
[Date "2003.06.01"]
[Round "9"]
[White "Carlsen, Henrik"]
[Black "Jensen, Jan Erik"]
[Result "1/2-1/2"]
[WhiteElo "1394"]
[BlackElo "1225"]
[PlyCount "61"]
[EventDate "2003.??.??"]

1. e4 e5 2. Nf3 Nc6 3. Nc3 Bb4 4. d4 exd4 5. Nxd4 Nxd4 6. Qxd4 Bxc3+ 7. Qxc3
Nf6 8. Bd3 O-O 9. Be3 d6 10. O-O-O Ng4 11. Bd4 f6 12. Bc4+ Kh8 13. h3 Ne5 14.
Bb3 Re8 15. f3 Be6 16. g4 Bxb3 17. Qxb3 b6 18. h4 h6 19. Qe3 Kg8 20. g5 Kh7 21.
gxh6 gxh6 22. Qf4 Qe7 23. Qf5+ Kh8 24. f4 Nd7 25. Qg6 Qg7 26. Rhg1 Rg8 27. Qh5
Qh7 28. Rxg8+ Rxg8 29. Rg1 Rxg1+ 30. Bxg1 Nc5 31. Bxc5 1/2-1/2